Statistics for Dreadnought Battleships of the Regia Marina (Royal Italian Navy)

Click here to take the quiz!

General Stats

  • This quiz has been taken 63 times
  • The average score is 7 of 9

Answer Stats

Ship ClassName% Correct
Littorio ClassLittorio
100%
Andrea Doria ClassAndrea Doria
95%
Conte di Cavour ClassConte di Cavour
95%
Roma
89%
Vittorio Veneto
76%
Leonardo da Vinci
61%
Giulio Cesare
58%
Caio Duilio
39%
Dante Alighieri
37%

Score Distribution

Percentile by Number Answered

Percent of People with Each Score

Your Score History

You have not taken this quiz